No hay deuda que no se pague _ (Record no. 160130)

MARC details
000 -LEADER
campo de control de longitud fija 00596nam a22001575i 4500
001 - NÚMERO DE CONTROL
campo de control 160130
003 - IDENTIFICADOR DE NÚMERO DE CONTROL
campo de control ES-MaACL
005 - FECHA Y HORA DE LA ÚLTIMA TRANSACCIÓN
campo de control 20230906211939.0
008 - DATOS DE LONGITUD FIJA--INFORMACIÓN GENERAL
campo de control de longitud fija 040921s1878 sp |||| | spa d
040 ## - FUENTE DE CATALOGACIÓN
Centro catalogador/agencia de origen CAM
Lengua de catalogación spa
Centro/agencia transcriptor CAM
100 1# - ENTRADA PRINCIPAL--NOMBRE DE PERSONA
Nombre de persona Morales Durán, Antonio.
9 (RLIN) 130136
245 10 - MENCIÓN DEL TÍTULO
Título No hay deuda que no se pague _
Resto del título : novela de costumbres /
Mención de responsabilidad, etc. original de Antonio Moral Durán.
260 ## - PUBLICACIÓN, DISTRIBUCIÓN, ETC.
Lugar de publicación, distribución, etc. Ronda :
Nombre del editor, distribuidor, etc. [s.n.],
Fecha de publicación, distribución, etc. 1878 (
Fabricante Tip. de la Viuda de Gutierrez é Hijo)
300 ## - DESCRIPCIÓN FÍSICA
Extensión 240 p. ;
Dimensiones 16 cm.
852 ## - LOCALIZACIÓN
Ubicación ES-MaACL
Número de control de estantería F-907
Nota libre -- Enc. pasta española
-- -- Dedicatoria ms. del autor al Ateneo de Madrid
Holdings
Estatus retirado Estado de pérdida Estado de daño No para préstamo Colección Biblioteca de origen Biblioteca actual Ubicación en estantería Fecha de adquisición Fuente de adquisición Total de préstamos Signatura topográfica completa Código de barras Visto por última vez Precio de reemplazo Tipo de ítem Koha
        Libros del s. XIX Biblioteca del Ateneo de Madrid Biblioteca del Ateneo de Madrid Depósito 2 17/01/2008     F-907 1167648 23/02/2023 23/02/2023 Libro impreso antiguo